00234nam a22000977a 4500003000400000082001900004100003500023245002400058260004600082300000800128SGT a891.4309bS16R aराय, विवेकी  aसंकल्य  bहिंदी अकादमी c2016 a167